[Event "South Moravia Region-chT 2223"]
[Site "Czech Republic"]
[Date "2022.11.27"]
[Round "4.2"]
[White "Marsa, Alexandr"]
[Black "Fojtik, Tomas"]
[Result "0-1"]
[WhiteElo "1933"]
[BlackElo "2053"]
[PlyCount "106"]
[EventDate "2022.10.09"]
[EventType "team-tourn"]
[EventRounds "11"]
[EventCountry "CZE"]
[SourceTitle "EXT 2024"]
[Source "ChessBase"]
[SourceDate "2023.10.10"]
[SourceVersion "1"]
[SourceVersionDate "2023.10.10"]
[SourceQuality "1"]

1. d4 d5 2. c4 c6 3. Nc3 Nf6 4. cxd5 cxd5 5. Bf4 Nc6 6. e3 a6 7. Bd3 e6 8. Nf3 Be7 9. Rc1 0-0 10. 0-0 Bd7 11. Ne5 Rc8 12. Na4 Nxe5 13. dxe5 Bxa4 14. Rxc8 Qxc8 15. Qxa4 Nd7 16. Qc2 Qxc2 17. Bxc2 Rc8 18. Rc1 g6 19. e4 d4 20. Kf1 g5 21. Bd3 Rxc1+ 22. Bxc1 Nxe5 23. Ke2 Kg7 24. Bb1 h6 25. Bd2 Bd6 26. h3 Nc6 27. Kd3 Kf6 28. g3 e5 29. a3 Ke7 30. Ba2 f6 31. Bd5 Kd7 32. Ke2 Ke7 33. g4 Kd7 34. Kd3 Kc7 35. Kc4 Ne7 36. Bf7 Kc6 37. Be8+ Kc7 38. a4 Kd8 39. Bf7 Kd7 40. b4 Nc8 41. b5 Be7 42. bxa6 bxa6 43. Kb3 Kc6 44. Bd5+ Kb6 45. Be6 Na7 46. Kc4 a5 47. Bf7 Bd6 48. f3 Be7 49. Be1 Bb4 50. Bf2 Kc7 51. Be6 Kd6 52. Bd5 Nc8 53. Kb3 Kc5 0-1

[Event "CZE-ch blitz"]
[Site "Prague"]
[Date "2017.12.30"]
[Round "1"]
[White "Kociscak, Jiri"]
[Black "Fojtik, Tomas"]
[Result "0-1"]
[WhiteElo "2475"]
[BlackElo "2096"]
[PlyCount "130"]
[EventDate "2017.12.30"]
[EventType "swiss (blitz)"]
[EventRounds "15"]
[EventCountry "CZE"]
[SourceTitle "CBM 182 Extra"]
[Source "ChessBase"]
[SourceDate "2018.02.23"]
[SourceVersion "1"]
[SourceVersionDate "2018.02.23"]
[SourceQuality "1"]

1. d4 Nf6 2. c4 g6 3. Nc3 d5 4. Bf4 Bg7 5. e3 0-0 6. Rc1 c6 7. Nf3 Nh5 8. Bg3 Nxg3 9. hxg3 Bg4 10. Qb3 dxc4 11. Bxc4 Bxf3 12. gxf3 b6 13. f4 Nd7 14. Kf1 Nf6 15. Be2 Nd5 16. Nxd5 cxd5 17. Kg2 e6 18. Ba6 Qe7 19. Rc2 h5 20. Rhc1 Qf6 21. Qd3 Rfd8 22. Rc7 Bf8 23. a3 Bd6 24. R7c6 Qe7 25. b4 Rd7 26. Rh1 Rc7 27. Qc2 Rd8 28. Rc1 Rxc6 29. Qxc6 Kg7 30. Bb5 Kg8 31. Rc2 Kg7 32. Bd3 Kg8 33. Qa4 Rd7 34. Rc8+ Kg7 35. b5 Rc7 36. Ra8 Qd7 37. Qa6 Be7 38. a4 Bd6 39. a5 bxa5 40. Qxa5 Qe7 41. Qa4 Qd7 42. Be2 Qe7 43. Qa5 Qd7 44. b6 axb6 45. Qxb6 Qe7 46. Bb5 Rb7 47. Qc6 Rc7 48. Qa6 Rb7 49. Re8 Qc7 50. Bc6 Rb6 51. Qa8 Rxc6 52. Rg8+ Kf6 53. Rh8 Rb6 54. Qg8 Rb8 55. Qh7 Rxh8 56. Qxh8+ Ke7 57. g4 hxg4 58. Qh4+ Kf8 59. Qh8+ Ke7 60. Qh4+ Kd7 61. Qxg4 Be7 62. Qh3 Bf6 63. Qh7 Ke7 64. Qg8 Qd8 65. Qh7 Qh8 0-1

[Event "Brno Duras op"]
[Site "Brno"]
[Date "2016.06.30"]
[Round "6"]
[White "Effenberger, Adam"]
[Black "Fojtik, Tomas"]
[Result "1-0"]
[WhiteElo "1842"]
[BlackElo "2051"]
[PlyCount "97"]
[EventDate "2016.06.25"]
[EventType "swiss"]
[EventRounds "9"]
[EventCountry "CZE"]
[SourceTitle "CBM 173 Extra"]
[Source "ChessBase"]
[SourceDate "2016.08.29"]
[SourceVersion "1"]
[SourceVersionDate "2016.08.29"]
[SourceQuality "1"]

1. d4 c5 2. d5 Nf6 3. c4 b5 4. cxb5 a6 5. bxa6 Bxa6 6. Nc3 g6 7. e4 Bxf1 8. Kxf1 d6 9. g3 Bg7 10. Kg2 0-0 11. Nf3 Qb6 12. Qe2 Nbd7 13. a4 Rfb8 14. Bd2 Ne8 15. Ra2 Nc7 16. Rha1 Qb3 17. a5 Ra6 18. Be1 Qb7 19. Nd2 Nb5 20. Nxb5 Qxb5 21. Qxb5 Rxb5 22. Nc4 Ne5 23. Nxe5 Bxe5 24. Bc3 Bg7 25. Kf1 Rb3 26. Bxg7 Kxg7 27. Ke2 Kf6 28. f4 h5 29. Kd2 Rb4 30. Kc3 Rxe4 31. Ra4 Re2 32. b3 e6 33. dxe6 Kxe6 34. Kc4 Kd7 35. Kb5 Ra8 36. a6 Kc7 37. a7 Ree8 38. Ra6 Kd7 39. Rb6 Red8 40. Rb7+ Ke6 41. Re1+ Kf6 42. Ree7 Rf8 43. Kc6 Rfc8+ 44. Kxd6 Kf5 45. Rxf7+ Kg4 46. Rfc7 Rd8+ 47. Kxc5 Kh3 48. Rg7 Kxh2 49. Rxg6 1-0

[Event "CZE-chT2E 1516"]
[Site "Czech Republic"]
[Date "2016.04.03"]
[Round "10.7"]
[White "Fojtik, Tomas"]
[Black "Marek, Jiri1111"]
[Result "1-0"]
[WhiteElo "2025"]
[BlackElo "1996"]
[PlyCount "89"]
[EventDate "2015.10.18"]
[EventType "team-tourn"]
[EventRounds "11"]
[EventCountry "CZE"]
[SourceTitle "EXT 2022"]
[Source "ChessBase"]
[SourceDate "2021.10.06"]
[SourceVersion "1"]
[SourceVersionDate "2021.10.06"]
[SourceQuality "1"]
[WhiteTeam "Lipovec Garde"]
[BlackTeam "Prusanky Podluzan"]
[WhiteTeamCountry "CZE"]
[BlackTeamCountry "CZE"]

1. d4 d5 2. Nf3 Nf6 3. g3 c6 4. Bg2 e6 5. 0-0 Bd6 6. c4 0-0 7. Qc2 dxc4 8. Qxc4 Nbd7 9. Nbd2 e5 10. dxe5 Nxe5 11. Nxe5 Bxe5 12. Nf3 Bc7 13. Be3 Qe7 14. Rfe1 Be6 15. Qc2 Nd5 16. Bc5 Bd6 17. Bxd6 Qxd6 18. Ng5 Nf6 19. Rad1 Qe7 20. Nxe6 Qxe6 21. a3 Rfd8 22. e3 h5 23. h3 Rd7 24. Rxd7 Qxd7 25. Rd1 Qe7 26. Qd3 Kf8 27. e4 Qe5 28. Qd4 Qxd4 29. Rxd4 Ke7 30. e5 Nd7 31. f4 Rd8 32. Kf2 Nc5 33. Ke3 Rxd4 34. Kxd4 Ne6+ 35. Ke3 g6 36. Bf3 a5 37. h4 Nc5 38. Bd1 Ke6 39. Kd4 Na6 40. g4 Nc7 41. gxh5 Kf5 42. h6 Ne6+ 43. Ke3 Nf8 44. Bb3 f6 45. e6 1-0

[Event "CZE-chT2E 1516"]
[Site "Czech Republic"]
[Date "2015.12.06"]
[Round "4.8"]
[White "Fojtik, Tomas"]
[Black "Nehyba, Martin"]
[Result "1/2-1/2"]
[WhiteElo "2025"]
[BlackElo "1801"]
[PlyCount "101"]
[EventDate "2015.10.18"]
[EventType "team-tourn"]
[EventRounds "11"]
[EventCountry "CZE"]
[SourceTitle "EXT 2022"]
[Source "ChessBase"]
[SourceDate "2021.10.06"]
[SourceVersion "1"]
[SourceVersionDate "2021.10.06"]
[SourceQuality "1"]
[WhiteTeam "Lipovec Garde"]
[BlackTeam "Grygov II"]
[WhiteTeamCountry "CZE"]
[BlackTeamCountry "CZE"]

1. d4 Nf6 2. Nf3 d5 3. g3 Bf5 4. Bg2 c6 5. Nh4 Bg6 6. 0-0 e6 7. Nd2 Nbd7 8. c4 Bd6 9. Nxg6 hxg6 10. e4 dxe4 11. Nxe4 Nxe4 12. Bxe4 Nf6 13. Bg2 0-0 14. Bg5 Be7 15. Be3 Qc7 16. Qc2 Rfd8 17. h3 Rac8 18. Rac1 b6 19. Qa4 c5 20. dxc5 Bxc5 21. Bxc5 Qxc5 22. b4 Qe7 23. Qb3 Rd4 24. Rfd1 Qd6 25. Bf3 Rxd1+ 26. Rxd1 Qc7 27. Rc1 Nd7 28. Bg2 Qd6 29. Rd1 Qc7 30. Bf1 Ne5 31. Rc1 Qc6 32. Rc3 Qd6 33. a3 Qd4 34. Qc2 Rd8 35. c5 bxc5 36. bxc5 Rc8 37. Bg2 Nc6 38. Rc4 Qa1+ 39. Qc1 Qxc1+ 40. Rxc1 Kf8 41. Kf1 Ke7 42. Rc3 Ne5 43. Ke2 Nd7 44. c6 Nb6 45. Rd3 Nd5 46. Bxd5 exd5 47. Rxd5 Rxc6 48. Ra5 a6 49. Ke3 Ke6 50. Kd4 f6 51. Ke3 1/2-1/2

[Event "CZE-chT2E 1314"]
[Site "Czech Republic"]
[Date "2014.03.23"]
[Round "10.7"]
[White "Fuskova, Martina"]
[Black "Fojtik, Tomas"]
[Result "1-0"]
[WhiteElo "1955"]
[BlackElo "2052"]
[PlyCount "45"]
[EventDate "2013.11.03"]
[EventType "team-tourn"]
[EventRounds "11"]
[EventCountry "CZE"]
[SourceTitle "EXT 2016"]
[Source "ChessBase"]
[SourceDate "2015.10.08"]
[SourceVersion "1"]
[SourceVersionDate "2015.10.08"]
[SourceQuality "1"]
[WhiteTeam "Stare Mesto II"]
[BlackTeam "Lipovec Garde"]
[WhiteTeamCountry "CZE"]
[BlackTeamCountry "CZE"]

1. e4 c5 2. Nf3 e6 3. d4 cxd4 4. Nxd4 a6 5. Nc3 Qc7 6. Bd3 Nf6 7. 0-0 d6 8. f4 Nbd7 9. Kh1 Be7 10. Qe2 b5 11. a4 bxa4 12. Rxa4 Nc5 13. Bb5+ Bd7 14. Bxd7+ Nfxd7 15. Ra2 Qb7 16. Bd2 0-0 17. b4 Bf6 18. bxc5 Bxd4 19. cxd6 Qc6 20. Qd3 Qxd6 21. e5 Qc5 22. Ne4 Qd5 23. Ra5 1-0